000 00594nam a22002297a 4500
003 UA-OsUOA
001 87312
007 ta
008 20120917b un ||||| |||| 00| 0 ukr d
100 _aФурсенко А.
090 _a94(73)
_bФ95
942 _cBK
040 _aUA-OsUOA
_brus
_cUA-OsUOA
_dUA-OsUOA
245 _aДинастия Рокфеллеров
300 _a487 с.
955 _a4
041 _arus
080 _a94(73)
260 _aЛенинград
_bНаука
_c1970
650 7 _a9 Географія. Біографії. Історія
_2UDC
999 _c373546
_d373546